| 000 | 01874nam0a2200385 4500 | ||
|---|---|---|---|
| 001 | RU\NLR\bibl\32307 | ||
| 005 | 20260405230958.0 | ||
| 010 |
_a5-02-031425-0 _9250 |
||
| 021 |
_aRU _b98-38159 _91829 |
||
| 035 | _a(NLR Aleph) 000031481 | ||
| 090 |
_a157934 _c157934 |
||
| 100 | _a19990608d1998 |||y0rusy50 ca | ||
| 101 | 0 |
_arus _deng _eeng |
|
| 102 | _aRU | ||
| 105 | _aa ||||||||| | ||
| 200 | 1 |
_aДинамика песчаных берегов морей и внутренних водоемов _dCoastal dynamics of seas and inland waterbodies _fЛ.А. Жиндарев, А.Ш. Хабидов, А.К. Тризно _gОтв. ред. д.г.н., проф. П.А. Каплин _g[Рос. акад. наук. Сиб. отд-ние, Ин-т вод. и экол. пробл.] _zeng |
|
| 210 |
_aНовосибирск _cНаука. Сиб. предприятие РАН _d1998 |
||
| 215 |
_a271 с. _cил. _d22 |
||
| 300 | _aАвт. также на англ. яз.:L.A. Zhindarev, A.Sh. Khabidov, A.K. Trizno | ||
| 300 | _aРез. на англ. яз. | ||
| 320 | _aБиблиогр.: с. 246-269 | ||
| 510 | 0 |
_aCoastal dynamics of seas and inland waterbodies _zeng |
|
| 606 | 0 |
_aМорские берега _xДинамика _91890921 _3RU\NLR\auth\66860002 |
|
| 606 | 0 |
_aВодоемы внутренние _xБерега _xДинамика _92094316 _3RU\NLR\auth\661267301 |
|
| 686 | _aД823.128.105 | ||
| 686 | _aД823.128.205 | ||
| 700 | 1 |
_aЖиндарев _bЛ. А. _gЛеонид Алексеевич _4070 |
|
| 701 | 1 |
_4070 _8rus _7ca _aХабидов _bА. Ш. _gАлександр Шамильевич _3RU\NLR\auth\77104934 _987859 |
|
| 701 | 1 |
_aТризно _bА. К. _gАнатолий Кириллович _4070 |
|
| 801 | 0 |
_aRU _bNLR _c19990608 _gPSBO |
|
| 801 | 1 |
_aRU _bNLR _c19990608 |
|
| 852 |
_aNLR _j99-5/1317 |
||
| 942 | _cBOOK | ||
| 980 | _aNB | ||